[Event "TCh-RUS"]
[Site "Tomsk RUS"]
[Date "2001.05.20"]
[Round "7"]
[White "Korniushin,N"]
[Black "Yandemirov,V"]
[Result "0-1"]
[WhiteElo "2470"]
[BlackElo "2472"]

1.d4 Nf6 2.c4 g6 3.Nc3 d5 4.cxd5 Nxd5 5.e4 Nxc3 6.bxc3 Bg7 7.Nf3 c5 8.h3 O-O
9.Be2 cxd4 10.cxd4 Nc6 11.Be3 f5 12.exf5 Qa5+ 13.Kf1 Bxf5 14.Qb3+ Kh8 15.Rd1 e6
16.Ng5 Qb4 17.Qxb4 Nxb4 18.g4 Bc2 19.Rc1 Rae8 20.Bc4 Nd5 21.Ke2 Ba4 22.Bxd5 exd5
23.Rc7 Bxd4 24.Kd3 Bg7 25.Rb1 Bc6 26.Bc5 Rf4 27.Be3 Ra4 28.Nf7+ Kg8 29.Nh6+ Bxh6
30.Bxh6 Rxa2 31.Be3 Ra3+ 32.Kd2 Ra4 33.Kd3 d4 34.Bg5 Be4+  0-1

[Event "TCh-YUG Women"]
[Site "Herceg Novi YUG"]
[Date "2001.05.21"]
[Round "8"]
[White "Shumiakina,T"]
[Black "Dembo,Y"]
[Result "1-0"]
[WhiteElo "2376"]
[BlackElo "2341"]

1.d4 Nf6 2.c4 g6 3.Nc3 d5 4.cxd5 Nxd5 5.e4 Nxc3 6.bxc3 Bg7 7.Bb5+ c6 8.Ba4 O-O
9.Ne2 b5 10.Bb3 Bb7 11.O-O Nd7 12.Be3 Nb6 13.Qd2 Rc8 14.Rad1 a5 15.Bh6 a4
16.Bc2 c5 17.d5 Qd6 18.Bxg7 Kxg7 19.Ng3 h6 20.Qe2 Qd7 21.f4 Nc4 22.Bd3 Na3
23.e5 Bxd5 24.Be4 e6 25.Qg4 Qc7 26.Nh5+ Kh8 27.Qh4 f5 28.Nf6 Kg7 29.Bxd5 exd5
30.Rxd5 Rcd8 31.Rfd1 Rxd5 32.Rxd5 Rf7  1-0

[Event "Master Open"]
[Site "Lausanne SUI"]
[Date "2001.05.22"]
[Round "1"]
[White "Vladimirov,E"]
[Black "Koster,R"]
[Result "1-0"]
[WhiteElo "2612"]
[BlackElo "2279"]

1.d4 Nf6 2.c4 g6 3.Nc3 d5 4.cxd5 Nxd5 5.e4 Nxc3 6.bxc3 Bg7 7.Bc4 c5 8.Ne2 O-O
9.O-O Nc6 10.Be3 Bg4 11.f3 Na5 12.Bd5 Bd7 13.Rb1 Qc8 14.a4 e6 15.Ba2 Qe8
16.d5 b6 17.Qc1 e5 18.d6 Be6 19.Qc2 Bxa2 20.Qxa2 Qc6 21.Bg5 Qxd6 22.Rfd1 Qc6
23.Rd5 Bf6 24.h4 Rad8 25.Rbd1 Bxg5 26.hxg5 Rxd5 27.exd5 Qc7 28.d6 Qd8 29.d7 Qxg5
30.Qd5 Rd8 31.f4 Qf6 32.fxe5 Qe6 33.Nf4 Qxd5 34.Nxd5 Kf8 35.e6 fxe6 36.Rf1+ Kg7
37.Nc7 Rxd7 38.Nxe6+ Kh6 39.g4 Re7 40.Rf6 Nc4 41.Kg2 Ne3+ 42.Kg3 Nd5 43.Kh4 Rxe6
44.Rxe6 Nxc3 45.g5+ Kg7 46.Re7+ Kg8 47.Rxa7 c4 48.Kg4 Ne4 49.Rc7 Nd6 50.Kf4 Nf7
51.Rxc4 h6 52.gxh6 g5+ 53.Kg3  1-0

[Event "Master Open"]
[Site "Lausanne SUI"]
[Date "2001.05.22"]
[Round "1"]
[White "Graf,A"]
[Black "Baramidze,D"]
[Result "1/2-1/2"]
[WhiteElo "2649"]
[BlackElo "2297"]

1.d4 Nf6 2.c4 g6 3.Nc3 d5 4.cxd5 Nxd5 5.e4 Nxc3 6.bxc3 Bg7 7.Bc4 c5 8.Ne2 cxd4
9.cxd4 Nc6 10.Be3 O-O 11.O-O e6 12.Qd2 b6 13.Bg5 Qd7 14.Rad1 Na5 15.Bd3 Bb7
16.h4 Rfc8 17.h5 Nc4 18.Bxc4 Rxc4 19.h6 Bf8 20.Ng3 Rac8 21.Bf6 Bd6 22.Qg5 Bxg3
23.Qxg3 Bxe4 24.Qh4 Bb7 25.Be7 Qd5 26.f3 Qf5 27.Rde1 Re8 28.Re4 f6 29.Bxf6 Bxe4
30.fxe4 Qh5 31.Qf4 Rf8 32.Qd6 Qg4 33.Rf4 Rc1+ 34.Kh2 Qh5+ 35.Rh4 Qd1 36.Qxe6+ Rf7
37.Qe8+ Rf8 38.Qe6+ Rf7  1/2-1/2

[Event "6th Stuttgart Open"]
[Site "Ditzingen GER"]
[Date "2001.05.26"]
[Round "6"]
[White "Gabriel,R"]
[Black "Sand,R"]
[Result "1/2-1/2"]
[WhiteElo "2292"]
[BlackElo "2113"]

1.d4 Nf6 2.c4 g6 3.Nc3 d5 4.cxd5 Nxd5 5.e4 Nxc3 6.bxc3 Bg7 7.Bc4 c5 8.Ne2 Nc6
9.Be3 O-O 10.O-O cxd4 11.cxd4 Na5 12.Bd3 Bg4 13.Qd2 Rc8 14.Rac1 b6 15.f3 Bd7
16.Ba6 Rxc1 17.Rxc1 b5 18.d5 Nc4 19.Qd3 Nxe3  1/2-1/2

[Event "IX Guillermo Garcia Mem Alfil"]
[Site "Santa Clara CUB"]
[Date "2001.05.28"]
[Round "5"]
[White "Gomez,Fe"]
[Black "Herrera,I"]
[Result "0-1"]
[WhiteElo "2462"]
[BlackElo "2432"]

1.d4 Nf6 2.c4 g6 3.Nc3 d5 4.cxd5 Nxd5 5.e4 Nxc3 6.bxc3 Bg7 7.Ba3 O-O 8.Qb3 Nd7
9.Nf3 c5 10.Bd3 Rb8 11.O-O b5 12.Be2 Bb7 13.Qc2 b4 14.cxb4 cxd4 15.Rad1 Rc8
16.Qb3 Rc3 17.Qa4 Nb6 18.Qxa7 Qc7 19.Ba6 Bxa6 20.Qxa6 Ra8 21.Qb5 Rcxa3 22.Nxd4 Bxd4
23.Rxd4 Rxa2 24.Qc5 Qxc5 25.bxc5 R2a4 26.Rxa4 Nxa4 27.Ra1 Ra6  0-1

[Event "XXVI Elekes Mem GM"]
[Site "Budapest HUN"]
[Date "2001.05.31"]
[Round "11"]
[White "Navrotescu,C"]
[Black "Gustafsson,J"]
[Result "1/2-1/2"]
[WhiteElo "2453"]
[BlackElo "2535"]

1.d4 Nf6 2.c4 g6 3.Nc3 d5 4.cxd5 Nxd5 5.e4 Nxc3 6.bxc3 Bg7 7.Nf3 c5 8.Bb5+ Nd7
9.O-O O-O 10.Ba3 Qc7 11.Bxd7 Bxd7 12.Bxc5 b6  1/2-1/2

[Event "2nd IECC"]
[Site "Ohrid MKD"]
[Date "2001.06.01"]
[Round "1"]
[White "Kruppa,Y"]
[Black "Cyborowski,L"]
[Result "0-1"]
[WhiteElo "2572"]
[BlackElo "2450"]

1.d4 Nf6 2.c4 g6 3.Nc3 d5 4.cxd5 Nxd5 5.e4 Nxc3 6.bxc3 Bg7 7.Bb5+ c6 8.Ba4 b5
9.Bb3 b4 10.Nf3 bxc3 11.O-O O-O 12.Bg5 a5 13.Rc1 Nd7 14.Rxc3 c5 15.Rc1 cxd4
16.Bd5 Ba6 17.Re1 Rb8 18.Nxd4 Ne5 19.Bf4 Rb2 20.Bxe5 Bxe5 21.Nc6 Qd6 22.g3 Bb5
23.Nxe5 Qxe5 24.f4 Qf6 25.Qf3 e6 26.e5 Qe7 27.Bb7 Rb8 28.Qc3 Qb4 29.Be4 Rxa2
30.Qe3 Rb2 31.f5 exf5 32.Bd5 Qd2 33.Qxd2 Rxd2 34.Rc5 Bd7 35.Rxa5 Rbb2 36.Rc1 Kg7
37.Rac5 Be6 38.Bxe6 Rg2+ 39.Kf1 fxe6 40.Rc7+ Kh6  0-1

[Event "IX Guillermo Garcia Mem Alfil"]
[Site "Santa Clara CUB"]
[Date "2001.06.01"]
[Round "8"]
[White "Almeida,O"]
[Black "Herrera,I"]
[Result "1-0"]
[WhiteElo "2426"]
[BlackElo "2432"]

1.d4 Nf6 2.c4 g6 3.Nc3 d5 4.cxd5 Nxd5 5.e4 Nxc3 6.bxc3 Bg7 7.Bb5+ c6 8.Ba4 O-O
9.Ne2 e5 10.O-O Re8 11.d5 b5 12.Bb3 Bb7 13.a4 Nd7 14.dxc6 Bxc6 15.axb5 Bxe4
16.Be3 Qc7 17.Ng3 Bb7 18.Rxa7 Rxa7 19.Bxa7 Nc5 20.Bxc5 Qxc5 21.Qd7 Re7 22.Qd8+ Bf8
23.c4 e4 24.Kh1 h5 25.Ne2 e3 26.f3 h4 27.h3 Qb4 28.Qd3 Bc8 29.c5 Bf5 30.Qc4 Qa5
31.c6 Be6 32.Qa4 Qd2 33.Bxe6 Qxe2 34.Bc4 Qd2 35.Qd1 Qb4 36.Qc2 Bg7 37.Rd1 Kh7
38.Be2 Qf4 39.Qc4 Qg3 40.f4 g5 41.c7  1-0

[Event "2nd IECC"]
[Site "Ohrid MKD"]
[Date "2001.06.02"]
[Round "2"]
[White "Georgiev,Vl"]
[Black "Jaracz,P"]
[Result "1/2-1/2"]
[WhiteElo "2592"]
[BlackElo "2484"]

1.d4 Nf6 2.c4 g6 3.Nc3 d5 4.cxd5 Nxd5 5.e4 Nxc3 6.bxc3 Bg7 7.Bc4 c5 8.Ne2 O-O
9.O-O Nc6 10.Be3 Bd7 11.Rc1 Rc8 12.d5 Ne5 13.Bb3 e6 14.c4 Ng4 15.Bf4 e5 16.Bg3 h5
17.h3 h4 18.Bh2 Nxh2 19.Kxh2 a6 20.a4 f5 21.Rc3 Rf6 22.Bc2 Qa5 23.Rb3 b5
24.axb5 axb5 25.f4 fxe4 26.Bxe4 bxc4 27.Rb7 Rc7 28.Rb1 Qa6 29.Kh1 Qd6 30.fxe5 Rxf1+
31.Qxf1 Bxe5 32.Qc1 Qf6  1/2-1/2

[Event "2nd IECC"]
[Site "Ohrid MKD"]
[Date "2001.06.03"]
[Round "3"]
[White "Vaisser,A"]
[Black "Colovic,A"]
[Result "1-0"]
[WhiteElo "2540"]
[BlackElo "2413"]

1.d4 Nf6 2.c4 g6 3.Nc3 d5 4.cxd5 Nxd5 5.e4 Nxc3 6.bxc3 Bg7 7.Bc4 c5 8.Ne2 Nc6
9.Be3 O-O 10.O-O Bd7 11.Rb1 a6 12.d5 Na5 13.Bd3 Rc8 14.Qd2 e6 15.Bh6 exd5
16.Bxg7 Kxg7 17.exd5 b5 18.Ng3 Qh4 19.Rfe1 Rfe8 20.f4 Nb7 21.Qf2 Nd6 22.Re5 Qf6
23.Rbe1 Kg8 24.Qe3 b4 25.cxb4 c4 26.Bc2 c3 27.Qd4 Qh4 28.Nh5 Rxe5 29.Rxe5 gxh5
30.Rg5+ Kf8 31.Qg7+ Ke7 32.g3 Qh3 33.Qe5+ Be6 34.f5 h6 35.dxe6 hxg5 36.f6+ Ke8
37.Qxd6  1-0

[Event "2nd SUFE Cup Rapid"]
[Site "Shanghai CHN"]
[Date "2001.06.04"]
[Round "12"]
[White "Ioseliani,N"]
[Black "Qin Kanying"]
[Result "1-0"]
[WhiteElo "2499"]
[BlackElo "2489"]

1.d4 Nf6 2.c4 g6 3.Nc3 d5 4.cxd5 Nxd5 5.e4 Nxc3 6.bxc3 Bg7 7.Bb5+ c6 8.Ba4 O-O
9.Ne2 c5 10.O-O Nc6 11.Be3 Na5 12.Bb5 Bd7 13.Bxd7 cxd4 14.cxd4 Qxd7 15.Rc1 e6
16.Qd2 b6 17.Rc2 Rfc8 18.Rfc1 Rxc2 19.Qxc2 Rd8 20.Bg5 Rf8 21.Qc7 Qb5 22.Be7 Qxe2
23.Bxf8 Bxf8 24.Qxa7 Qd2 25.Rb1 Nc4 26.Qa4 b5 27.Qd1 Qxa2 28.Ra1 Qb2 29.Rb1 Qc3
30.Rxb5 Nd6 31.Rb3 Qc4 32.Re3 Nb5 33.Rd3 Nd6 34.f3 Nb5 35.Kh1 h5 36.g3 Be7
37.Kg2 Bf6 38.d5 Nc3 39.Qc2 exd5 40.exd5 Qb4 41.d6 Nb5 42.d7 Nd4 43.Qc8+  1-0

[Event "2nd IECC"]
[Site "Ohrid MKD"]
[Date "2001.06.05"]
[Round "5"]
[White "Zlochevskij,A"]
[Black "Yegiazarian,A"]
[Result "0-1"]
[WhiteElo "2469"]
[BlackElo "2529"]

1.d4 Nf6 2.c4 g6 3.Nc3 d5 4.cxd5 Nxd5 5.e4 Nxc3 6.bxc3 Bg7 7.Nf3 c5 8.Be3 Nc6
9.Rc1 cxd4 10.cxd4 Qa5+ 11.Qd2 Qxd2+ 12.Kxd2 O-O 13.d5 Rd8 14.Ke1 Nb4 15.Bd2 Na6
16.Bxa6 bxa6 17.Bb4 Rb8 18.a3 f5 19.Bxe7 Re8 20.d6 fxe4 21.Nd2 Bf5 22.h3 Bh6
23.g4 Be6 24.Rc7 Bd5 25.Rg1 e3 26.fxe3 Bxe3 27.Rg3 Bf4 28.Kf2 Bxd2 29.Rd3 Ba5
30.Rc5 Be4 31.Re3 Bb6 32.d7 Rxe7 33.Rc8+ Kg7 34.Rxb8 Bxe3+ 35.Kxe3 Bc6+  0-1

[Event "2nd IECC"]
[Site "Ohrid MKD"]
[Date "2001.06.06"]
[Round "6"]
[White "Avrukh,B"]
[Black "Van Wely,L"]
[Result "1/2-1/2"]
[WhiteElo "2600"]
[BlackElo "2670"]

1.d4 Nf6 2.c4 g6 3.Nc3 d5 4.cxd5 Nxd5 5.e4 Nxc3 6.bxc3 Bg7 7.Be3 c5 8.Qd2 Qa5
9.Rc1 cxd4 10.cxd4 Qxd2+ 11.Kxd2 O-O 12.Nf3 Nc6 13.Bb5 f5 14.exf5 Bxf5 15.Ke2 Be6
16.Bc4 Bxc4+ 17.Rxc4 Rad8 18.Rb1 Rd7 19.Rb5 Rfd8 20.Ng5 Bxd4 21.Ne6 Bxe3
22.Nxd8 Nd4+ 23.Kxe3 Nxb5 24.Rc8 Nd6 25.Ra8 Kg7 26.Ne6+ Kf6 27.Nf8 Nf5+ 28.Ke2 Rd5
29.Rxa7 Nd4+ 30.Ke3 Kg7 31.Ra8 h6 32.Ke4 Rd6 33.f4 Kf7 34.g4 Nc6 35.f5 Rd4+
36.Ke3 gxf5 37.gxf5 Rh4 38.Ne6 Kf6 39.Nc5 Kxf5 40.Nxb7 Rxh2 41.a4 Rh3+ 42.Kf2 Rb3
43.Nc5 Rc3 44.Nb7 Ke5 45.Rh8 Kd5 46.a5 Rb3 47.a6 Ra3 48.Rxh6 Rxa6 49.Rh5+ e5
50.Rh6 Ra2+ 51.Kf1 Nd4 52.Rd6+ Ke4 53.Nc5+ Ke3 54.Rd5 e4 55.Nxe4 Kxe4 56.Rd8 Nf5
57.Ke1 Ng3 58.Rd2 Ra4 59.Rb2 Ra3 60.Kd2 Nf5 61.Rb8 Rd3+ 62.Kc1 Rh3 63.Kd2 Ne3
64.Rb4+ Kd5 65.Rf4 Nc4+ 66.Ke2 Rh2+ 67.Rf2 Rh8 68.Rf4 Nd6 69.Kf3 Ke5 70.Ra4 Rh3+
71.Kg4 Rc3 72.Ra5+ Ke4 73.Kg5 Nc4 74.Rb5 Ne5 75.Rb4+ Rc4 76.Rxc4+ Nxc4  1/2-1/2

[Event "2nd IECC"]
[Site "Ohrid MKD"]
[Date "2001.06.06"]
[Round "6"]
[White "Kocovski,I"]
[Black "Colovic,A"]
[Result "1-0"]
[WhiteElo "2324"]
[BlackElo "2413"]

1.d4 Nf6 2.c4 g6 3.Nc3 d5 4.cxd5 Nxd5 5.e4 Nxc3 6.bxc3 Bg7 7.Be3 c5 8.Rc1 Qa5
9.Qd2 O-O 10.Nf3 Bg4 11.d5 Bxf3 12.gxf3 c4 13.Bd4 b5 14.h4 Bxd4 15.Qxd4 Qb6
16.Qd2 Qf6 17.f4 e5 18.fxe5 Qf3 19.Rh3 Qxe4+ 20.Re3 Qxh4 21.Bg2 Qg5 22.Kf1 Na6
23.Qd4 Rac8 24.Bh3 Rc5 25.e6 fxe6 26.Bxe6+ Rf7 27.Rce1 Rc7 28.d6 Rb7 29.Bxf7+ Rxf7
30.Re8+ Rf8 31.Rxf8+  1-0

[Event "2nd IECC"]
[Site "Ohrid MKD"]
[Date "2001.06.09"]
[Round "8"]
[White "Graf,A"]
[Black "Macieja,B"]
[Result "1/2-1/2"]
[WhiteElo "2649"]
[BlackElo "2608"]

1.d4 Nf6 2.c4 g6 3.Nc3 d5 4.cxd5 Nxd5 5.e4 Nxc3 6.bxc3 Bg7 7.Bc4 c5 8.Ne2 Nc6
9.Be3 O-O 10.O-O Bg4 11.f3 Na5 12.Bxf7+ Rxf7 13.fxg4 Rxf1+ 14.Kxf1 Qd6 15.Kg1 Qe6
16.Ng3 Qc4 17.Qd2 Rd8 18.Rc1 Qa4 19.Bh6 Bxh6 20.Qxh6 cxd4 21.Nh5 gxh5 22.Qg5+  1/2-1/2

[Event "2nd IECC"]
[Site "Ohrid MKD"]
[Date "2001.06.09"]
[Round "8"]
[White "Nielsen,PH"]
[Black "Aronian,L"]
[Result "1-0"]
[WhiteElo "2585"]
[BlackElo "2528"]

1.d4 Nf6 2.c4 g6 3.Nc3 d5 4.cxd5 Nxd5 5.e4 Nxc3 6.bxc3 Bg7 7.Be3 c5 8.Qd2 cxd4
9.cxd4 Nc6 10.Rd1 Bg4 11.Be2 Bxe2 12.Nxe2 Na5 13.Rc1 b5 14.Qb4 a6 15.a4 Nc4
16.axb5 Nxe3 17.fxe3 Rb8 18.Qc3 axb5 19.Qc6+ Qd7 20.Kd2 Qxc6 21.Rxc6 O-O
22.Rb1 Rfd8 23.Kd3 e6 24.Rc7 b4 25.Rf1 Rf8 26.Ra1 Ra8 27.Rca7 Rxa7 28.Rxa7 Rb8
29.Ra1 Bf8 30.e5 b3 31.Rb1 Ba3 32.Nc3 h5 33.Ne4 b2 34.Nd2 h4 35.h3 g5 36.Nc4 g4
37.hxg4 Ra8 38.Ke4 Kg7 39.Nxa3 Rxa3 40.Rxb2 Ra1 41.Rf2 Rg1 42.g5 h3 43.gxh3 Rxg5
44.Rh2 Rg1 45.h4 Rg3 46.h5 Rg1 47.h6+ Kg8 48.h7+ Kh8 49.Kd3 Rg3 50.Rh4 Rf3
51.Ke2 Rg3 52.Kd3 Rf3 53.Rf4 Rh3 54.d5 exd5 55.Rxf7 Rh6 56.Kd4 Ra6 57.Re7 Ra7
58.Re8+ Kxh7 59.e6 Kg7 60.Ke5 Ra3 61.Kd6 Rxe3 62.e7 d4 63.Rf8 d3 64.Rf2 Re4
65.Rg2+ Kf7 66.Rf2+ Kg7 67.Kd7 Rd4+ 68.Kc6 Re4 69.Kd6 Kg6 70.Kd7 Rd4+ 71.Kc6 Re4
72.Kd7 Rd4+ 73.Ke8 Rh4 74.Rf3 Re4 75.Rxd3 Kf6 76.Kf8  1-0

[Event "2nd IECC"]
[Site "Ohrid MKD"]
[Date "2001.06.11"]
[Round "10"]
[White "Khenkin,I"]
[Black "Romanishin,O"]
[Result "1-0"]
[WhiteElo "2609"]
[BlackElo "2559"]

1.d4 Nf6 2.c4 g6 3.Nc3 d5 4.cxd5 Nxd5 5.e4 Nxc3 6.bxc3 Bg7 7.Nf3 c5 8.Be3 Qa5
9.Qd2 O-O 10.Rc1 Bg4 11.d5 Bxf3 12.gxf3 Nd7 13.c4 Qc7 14.f4 e5 15.fxe5 Nxe5
16.Be2 Qe7 17.f4 Nd7 18.Bf3 g5 19.fxg5 Ne5 20.Be2 f5 21.exf5 Rxf5 22.Rf1 Qf7
23.Rxf5 Qxf5 24.d6 Rd8 25.Qd5+ Kh8 26.Rd1 b6 27.h4 Qh3 28.Qe4 Qg3+ 29.Bf2 Qh2
30.Rd5 Rf8 31.Be3 Ng6 32.d7 Qb8 33.h5 Ne5 34.h6  1-0

[Event "2nd IECC"]
[Site "Ohrid MKD"]
[Date "2001.06.11"]
[Round "10"]
[White "Jussupow,A"]
[Black "Ruck,R"]
[Result "1/2-1/2"]
[WhiteElo "2645"]
[BlackElo "2557"]

1.d4 Nf6 2.c4 g6 3.Nc3 d5 4.cxd5 Nxd5 5.e4 Nxc3 6.bxc3 Bg7 7.Bc4 c5 8.Ne2 Nc6
9.Be3 O-O 10.O-O Bg4 11.f3 Na5 12.Bd3 cxd4 13.cxd4 Be6 14.Rc1 Bxa2 15.Qa4 Bb3
16.Qb4 b6 17.Bg5 f6 18.Bh4 Qd6 19.Qxd6 exd6 20.d5 Rfc8 21.Nd4 Bh6 22.Rxc8+ Rxc8
23.Nb5 a6 24.Nxd6 Rd8 25.e5 Be3+ 26.Kh1 g5 27.Bg3 fxe5 28.Bxe5 Bf4 29.Bxf4 gxf4
30.Ne4 Bc4 31.Rd1 Kg7 32.d6 Rd7 33.g3 fxg3 34.hxg3 b5 35.Kg2 Bxd3 36.Rxd3 Nc4
37.Nc5 Rxd6 38.Rxd6 Nxd6 39.Nxa6 Kf6 40.f4 Kf5 41.Kf3 h5 42.Nb4 Nc4 43.Nc2 Nd2+
44.Ke2 Ne4 45.Kf3  1/2-1/2

[Event "2nd IECC"]
[Site "Ohrid MKD"]
[Date "2001.06.11"]
[Round "10"]
[White "Halkias,S"]
[Black "Eljanov,P"]
[Result "1-0"]
[WhiteElo "2494"]
[BlackElo "2558"]

1.d4 Nf6 2.c4 g6 3.Nc3 d5 4.cxd5 Nxd5 5.e4 Nxc3 6.bxc3 Bg7 7.Nf3 c5 8.Rb1 O-O
9.Be2 b6 10.O-O Bb7 11.Qd3 Qc7 12.Bg5 Nd7 13.Qe3 e6 14.e5 Rae8 15.Bb5 Bc6
16.Bxc6 Qxc6 17.h4 f6 18.exf6 Nxf6 19.Ne5 Qc7 20.Rbe1 Nd5 21.Qg3 Rf5 22.h5 gxh5
23.Bh6 Kh8 24.c4 Bxh6 25.cxd5 Bf4 26.Qh3 Bxe5 27.dxe5 Rxe5 28.d6 Qg7 29.d7 Rd8
30.Rxe5 Qxe5 31.Rd1 Qf6 32.Qxh5 c4 33.Rc1 Qe7 34.Qe5+ Qg7 35.Qxe6 Qxd7 36.Qf6+ Kg8
37.Qg5+ Kh8 38.Qf6+ Kg8 39.Rc3 Qd1+ 40.Kh2 Rd3 41.Qg5+ Kf7 42.Qf5+ Ke7 43.Rxc4 Rd5
44.Rc7+ Kd6 45.Qd7+ Ke5 46.Qe8+ Kf5 47.Rf7+  1-0

[Event "White Nights"]
[Site "St Petersburg RUS"]
[Date "2001.06.11"]
[Round "3"]
[White "Stotika,V"]
[Black "Yandemirov,V"]
[Result "0-1"]
[WhiteElo "2310"]
[BlackElo "2472"]

1.d4 Nf6 2.c4 g6 3.Nc3 d5 4.cxd5 Nxd5 5.e4 Nxc3 6.bxc3 Bg7 7.Nf3 c5 8.Rb1 O-O
9.Be2 Nc6 10.Be3 cxd4 11.cxd4 Qa5+ 12.Bd2 Qxa2 13.d5 Ne5 14.Nxe5 Bxe5 15.O-O Bd7
16.Bd3 b5 17.Bb4 Rfe8 18.Rb3 a5 19.Bc5 b4 20.Bb1 Qa4 21.f4 Bg7 22.e5 Bg4
23.Qd3 Be2 24.Qxe2 Qxb3 25.Be4 Rac8 26.Qb5 Qc3 27.Bb6 b3 28.Rb1 Qd2 29.Rf1 b2
30.Bb1 Qb4 31.Qxb4 axb4 32.Bd4 Red8 33.Ba2 b3 34.Bxb3 Rc1  0-1

[Event "White Nights"]
[Site "St Petersburg RUS"]
[Date "2001.06.11"]
[Round "3"]
[White "Shariyazdanov,A"]
[Black "Virovlansky,S"]
[Result "1-0"]
[WhiteElo "2594"]
[BlackElo "2436"]

1.d4 Nf6 2.c4 g6 3.Nc3 d5 4.cxd5 Nxd5 5.e4 Nxc3 6.bxc3 Bg7 7.Bb5+ c6 8.Ba4 O-O
9.Ne2 b5 10.Bb3 Bb7 11.f3 c5 12.Be3 cxd4 13.cxd4 e6 14.Rc1 a5 15.a4 bxa4
16.Bxa4 Na6 17.O-O Nb4 18.Qd2 Ba6 19.Rfd1 Rc8 20.Nf4 Rxc1 21.Qxc1 Qc8 22.d5 Qxc1
23.Rxc1 Bh6 24.dxe6 fxe6 25.Nd5 Bxe3+ 26.Nxe3 Rd8 27.Bb3 Rd6 28.Ng4 Kf8 29.Ra1 Nc6
30.Ba4 Nd4 31.Kf2 Ne2 32.Ne5 Nc3 33.Ke3 Kg7 34.Bc2 Rb6 35.Rxa5 Bf1 36.Rc5 Nb5
37.Kf2  1-0

[Event "2nd IECC"]
[Site "Ohrid MKD"]
[Date "2001.06.13"]
[Round "12"]
[White "Korchnoi,V"]
[Black "Konopka,M"]
[Result "1-0"]
[WhiteElo "2643"]
[BlackElo "2507"]

1.c4 Nf6 2.Nc3 d5 3.d4 g6 4.cxd5 Nxd5 5.e4 Nxc3 6.bxc3 Bg7 7.Qa4+ Qd7 8.Qxd7+ Bxd7
9.Ba3 O-O 10.Bd3 Rc8 11.Rb1 e5 12.Nf3 exd4 13.cxd4 b6 14.O-O Bg4 15.e5 Bxf3
16.gxf3 Nc6 17.Bb2 Nb4 18.Be4 c6 19.Rfc1 Nxa2 20.Rxc6 Rxc6 21.Bxc6 Rd8 22.Be4 f5
23.Bc2 Nb4 24.Bb3+ Nd5 25.Ba3 Bf8 26.Bd6 Bxd6 27.Bxd5+ Kg7 28.exd6 Rxd6 29.Bb3 Rxd4
30.Rc1 Rd3 31.Rc7+ Kf6 32.Bg8 Rxf3 33.Rxa7 h5 34.Rf7+ Kg5 35.Rb7 Kg4 36.Rxb6 g5
37.Kg2 Rc3 38.Be6  1-0

[Event "TCh-Europe Boys U18"]
[Site "Balatonlelle HUN"]
[Date "2001.06.23"]
[Round "2"]
[White "Flumbort,A"]
[Black "Jeremic,V"]
[Result "1/2-1/2"]
[WhiteElo "2356"]
[BlackElo "2347"]

1.d4 Nf6 2.c4 g6 3.Nc3 d5 4.cxd5 Nxd5 5.e4 Nxc3 6.bxc3 Bg7 7.Nf3 c5 8.Rb1 O-O
9.Be2 b6 10.O-O Bb7 11.Qd3 Ba6 12.Qe3 Qc8 13.d5 Bxe2 14.Qxe2 Re8 15.c4 e6
16.Qc2 Nd7 17.Re1 Qa6 18.Bf4 Rac8 19.a4 Qb7 20.Rbd1 a6 21.e5 exd5 22.cxd5 c4
23.e6 fxe6 24.Rxe6 Rf8 25.Bg3 Nc5 26.Re2 Nd3 27.d6 Qd5 28.h3 Rfd8 29.Ne1 Bf8
30.Nxd3 cxd3 31.Qxd3 Qxd3 32.Rxd3 Rd7 33.Rb2 Rc1+ 34.Kh2 Rc6 35.Rdb3 b5 36.axb5 axb5
37.Rxb5 Bxd6 38.Bxd6 Rcxd6 39.g4 Rf6 40.R5b3 Rdf7 41.Kg3 g5 42.Rd3 Kg7 43.Rbd2 h6  1/2-1/2

[Event "TCh-Europe Boys U18"]
[Site "Balatonlelle HUN"]
[Date "2001.06.23"]
[Round "2"]
[White "Korobov,A"]
[Black "Kukel,I"]
[Result "1/2-1/2"]
[WhiteElo "2401"]
[BlackElo "2185"]

1.d4 Nf6 2.c4 g6 3.Nc3 d5 4.cxd5 Nxd5 5.e4 Nxc3 6.bxc3 Bg7 7.Nf3 c5 8.Be3 Qa5
9.Qd2 O-O 10.Rc1 cxd4 11.cxd4 Qxd2+ 12.Kxd2 Rd8 13.Rc7 Nc6 14.d5 e6 15.Bc4 Na5
16.Kd3 Nxc4 17.Kxc4 exd5+ 18.exd5 b5+ 19.Kxb5 Rxd5+ 20.Rc5 Rb8+ 21.Kc6 Rxc5+
22.Bxc5 Be6 23.Bxa7 Ra8 24.Be3 Bxa2  1/2-1/2

[Event "TCh-Europe Boys U18"]
[Site "Balatonlelle HUN"]
[Date "2001.06.24"]
[Round "3"]
[White "Hartweg,N"]
[Black "Flumbort,A"]
[Result "0-1"]
[WhiteElo "2073"]
[BlackElo "2356"]

1.d4 Nf6 2.c4 g6 3.Nc3 d5 4.cxd5 Nxd5 5.e4 Nxc3 6.bxc3 Bg7 7.Bc4 O-O 8.Ne2 c5
9.Be3 Nc6 10.h4 cxd4 11.cxd4 Qd6 12.Rc1 Rd8 13.Qb3 Qb4+ 14.Qxb4 Nxb4 15.O-O Nc6
16.Rfd1 Bd7 17.Rb1 Rac8 18.Bd5 e6 19.Bb3 Na5 20.Rdc1 Rxc1+ 21.Rxc1 Bc6 22.f3 Nxb3
23.axb3 a5 24.Rc5 Ra8 25.d5 exd5 26.exd5 Be8 27.Rc7 b5 28.Bc5 Be5 29.d6 Rd8
30.Re7 Bf6 31.Re3 Bd7 32.Nf4 Bc6 33.Rd3 Bxh4 34.Nd5 Rd7 35.Nb6 Rb7 36.d7 Bd8
37.Rd6 Rc7 38.Nd5 Rxd7 39.Nf6+ Bxf6 40.Rxf6 Bd5 41.Ra6 Bxb3 42.Rxa5 Bc4 43.g4 g5
44.Bb4 Rd3 45.Kf2 Kg7 46.Ra7 Bd5  0-1

[Event "TCh-Europe Boys U18"]
[Site "Balatonlelle HUN"]
[Date "2001.06.24"]
[Round "3"]
[White "Jegorovas,A"]
[Black "Ferrari,N"]
[Result "0-1"]
[WhiteElo "2182"]
[BlackElo "2152"]

1.d4 Nf6 2.c4 g6 3.Nc3 d5 4.cxd5 Nxd5 5.e4 Nxc3 6.bxc3 Bg7 7.Nf3 c5 8.Rb1 Qa5
9.Bd2 Qxa2 10.Be2 O-O 11.O-O Qe6 12.Bd3 b6 13.d5 Qg4 14.c4 Nd7 15.Re1 Ne5
16.Be2 Qxe4 17.d6 Bb7 18.dxe7 Rfe8 19.Bg5 f6 20.Bd2 Rxe7 21.Bc3 Rae8 22.Bxe5 fxe5
23.Bd3 Qg4 24.h3 Qf4 25.Rb2 Bxf3  0-1

[Event "III ShakkiNet GM"]
[Site "Helsinki FIN"]
[Date "2001.06.25"]
[Round "5"]
[White "Karttunen,M"]
[Black "Horvath,Cs"]
[Result "1/2-1/2"]
[WhiteElo "2466"]
[BlackElo "2508"]

1.d4 Nf6 2.c4 g6 3.Nc3 d5 4.cxd5 Nxd5 5.e4 Nxc3 6.bxc3 Bg7 7.Be3 c5 8.Qd2 Qa5
9.Rc1 cxd4 10.cxd4 Qxd2+ 11.Kxd2 O-O 12.Nf3 Nc6 13.d5 Rd8 14.Ke1 Na5 15.Bd3 f5
16.Rc7 fxe4 17.Bxe4 Bf5 18.Bxf5 gxf5 19.Rg1 Rxd5 20.g4 f4 21.Bd2 Rd3 22.Ke2 Ra3
23.Rb1 Rxa2 24.Rb5 Nc6 25.Rbxb7 Nd4+ 26.Nxd4 Bxd4 27.Rxe7 Rd8 28.Rbd7 Rxd7
29.Rxd7 f3+ 30.Kd3 Bxf2 31.Bh6 Ra6 32.Rg7+ Kh8 33.g5 Bc5 34.Rc7 Rd6+ 35.Ke4 Bb6
36.Rf7 Rd8 37.Kxf3 Bd4 38.Ke4 Kg8 39.Rb7 a5 40.Rb5 a4 41.Ra5 Bg7 42.Bxg7 Kxg7
43.h4 Kg6 44.Rxa4 Kh5 45.Ra6 Kxh4 46.Kf4 Rd4+ 47.Ke5 Rb4 48.Rh6+ Kxg5 49.Rxh7 Rb5+
50.Kd4  1/2-1/2

[Event "12th Open"]
[Site "Ljubljana SLO"]
[Date "2001.06.25"]
[Round "3"]
[White "Butala,M"]
[Black "Ursic,M"]
[Result "0-1"]
[WhiteElo "2246"]
[BlackElo "2060"]

1.c4 Nf6 2.Nc3 d5 3.cxd5 Nxd5 4.d4 g6 5.e4 Nxc3 6.bxc3 Bg7 7.Be3 O-O 8.Nf3 c5
9.Qd2 cxd4 10.cxd4 Nc6 11.Rd1 e6 12.Be2 Qa5 13.Qxa5 Nxa5 14.O-O Bd7 15.Bd2 Nc6
16.d5 exd5 17.exd5 Ne5 18.Nxe5 Bxe5 19.Rb1 b6 20.Bd3 Rac8 21.Rfc1 Bd6 22.Be3 Rfe8
23.Ba6 Bf5 24.Ra1 Rcd8 25.Bb5 Rxe3 26.fxe3 Be5 27.Bc6 Bxa1 28.Rxa1 Kg7 29.Kf2 Kf6
30.Rc1 Be4 31.Rc3 Ke5 32.Ra3 a5 33.Rb3 Bxd5 34.Bxd5 Rxd5 35.Rxb6 Rd2+ 36.Kf3 Rxa2
37.Rb5+ Kf6 38.h4 a4 39.Rb6+ Kg7 40.Ra6 a3 41.e4 Ra1 42.Kf2 a2 43.Kg3 Kf8
44.h5 gxh5 45.Ra7 Kg7 46.Ra6 f6 47.Ra7+ Kg6 48.Ra5 h4+ 49.Kh2 h6 50.Ra4 Kg5
51.Ra6 h5 52.Ra4 Kf4 53.e5+ Kxe5 54.Ra5+ Kf4 55.Ra4+ Kg5 56.Ra5+ f5 57.Ra4 h3
58.g3 h4 59.gxh4+ Kh5 60.Ra8 Kxh4 61.Ra3 Kg5 62.Ra4 f4  0-1

[Event "St John's University"]
[Site "New York USA"]
[Date "2001.06.26"]
[Round "8"]
[White "Bonin,J"]
[Black "Glinert,S"]
[Result "1-0"]
[WhiteElo "2381"]
[BlackElo "2273"]

1.d4 Nf6 2.c4 g6 3.Nc3 d5 4.cxd5 Nxd5 5.e4 Nxc3 6.bxc3 Bg7 7.Bb5+ c6 8.Ba4 O-O
9.Ne2 e5 10.Ba3 Re8 11.d5 b5 12.Bb3 Bb7 13.O-O Nd7 14.dxc6 Bxc6 15.Bxf7+ Kxf7
16.Qb3+ Re6 17.f4 Qb6+ 18.Kh1 Bxe4 19.Rad1 Ke8 20.fxe5 Bxe5 21.Rd6 Rxd6 22.Qg8+ Nf8
23.Qxf8+ Kd7 24.Rf7+ Ke6 25.Re7+ Kd5 26.Qxa8+ Qc6 27.Qg8+ Re6 28.c4+ bxc4
29.Qd8+ Rd6 30.Qa5+  1-0

[Event "TCh-Europe Boys U18"]
[Site "Balatonlelle HUN"]
[Date "2001.06.27"]
[Round "5"]
[White "Raceanu,V"]
[Black "Seel,C"]
[Result "1/2-1/2"]
[WhiteElo "2366"]
[BlackElo "2250"]

1.d4 Nf6 2.c4 g6 3.Nc3 d5 4.cxd5 Nxd5 5.e4 Nxc3 6.bxc3 Bg7 7.Nf3 c5 8.Be3 Qa5
9.Qd2 O-O 10.Rc1 Bg4 11.d5 Bxf3 12.gxf3 Nd7 13.c4 Qc7 14.f4 e5 15.fxe5 Nxe5
16.Be2 Rad8 17.O-O Rfe8 18.f4 Nc6 19.e5 g5 20.Bxc5 Nxe5 21.Bd4 gxf4 22.Qxf4 Rd6
23.Bh5 Ng6 24.Qf2 Bxd4 25.Qxd4 Re5 26.Bxg6 Rxg6+ 27.Kh1 Re2 28.Rf2 Qe7 29.Rcf1 Re1
30.Qf4 f6 31.Rxe1 Qxe1+ 32.Rf1 Qe2 33.Rg1 Qxa2 34.Qb8+ Kg7 35.Qc7+ Kh6 36.Qf4+ Kg7
37.Qc7+ Kh6 38.Qf4+ Kg7 39.Qc7+ Kh6  1/2-1/2

[Event "Open"]
[Site "Batumi GEO"]
[Date "2001.06.27"]
[Round "2"]
[White "Gagunashvili,M"]
[Black "Pashikian,A"]
[Result "1-0"]
[WhiteElo "2414"]
[BlackElo "2268"]

1.d4 Nf6 2.c4 g6 3.Nc3 d5 4.cxd5 Nxd5 5.e4 Nxc3 6.bxc3 Bg7 7.Bc4 O-O 8.Ne2 e5
9.O-O Nc6 10.Be3 Qe7 11.Qc2 Na5 12.Bd3 b6 13.f4 c5 14.dxc5 bxc5 15.Qa4 Rd8
16.Rad1 c4 17.Bb1 Bg4 18.Rde1 Bxe2 19.Rxe2 exf4 20.Bd4 Qc7 21.e5 Rac8 22.Rxf4 Nc6
23.Ref2 Nxd4 24.cxd4 Qb6 25.Bc2 Rxd4 26.Rxf7 Bxe5 27.Qa3 Rf4 28.Rxf4 Bxf4
29.Qf3 Be5 30.Qd5+  1-0